| 000 | 00736cam a2200265 4500 | ||
|---|---|---|---|
| 001 | 5119 | ||
| 003 | GBCCL | ||
| 005 | 20241126110431.0 | ||
| 008 | 720519s1972 nyua 00000aeng | ||
| 010 | _a 76183634 /MN | ||
| 035 | _aOCM00329566 830506 | ||
| 040 |
_aDLC _cDLC _dLBB |
||
| 049 | _aLBBK | ||
| 050 | 0 |
_aML420.W24 _bA36 |
|
| 082 |
_a783.7092 _aB _bWAT |
||
| 092 |
_a783.70924 _bW329 |
||
| 100 | 1 |
_aWaters, Ethel, _d1896-1977. _95260 |
|
| 245 | 1 | 0 |
_aTo me it's wonderful. _cWith an introd. by Eugenia Price and Joyce Blackburn. |
| 250 | _a[1st ed.] | ||
| 260 | 0 |
_aNew York, _bHarper & Row _c[1972] |
|
| 300 |
_aix, 162 p. _bill. _c21 cm. |
||
| 350 | _a$5.95 | ||
| 600 | 1 | 0 |
_aWaters, Ethel, _d1896-1977. _95260 |
| 942 |
_2ddc _cBK |
||
| 999 |
_c2524 _d2524 |
||